La noche repetida : cuentos /
Guardado en:
| Autor Principal: | |
|---|---|
| Formato: | Libro |
| Publicado: |
Buenos Aires :
Emecé,
1953
|
| Materias: | |
| Etiquetas: |
Agregar Etiqueta
Sin Etiquetas, Sea el primero en etiquetar este registro!
|
| LEADER | 00752nam a22002055a 4500 | ||
|---|---|---|---|
| 001 | CEM.cems005034 | ||
| 005 | 20100915094149.0 | ||
| 008 | 130507s1953##################000#0#####d | ||
| 003 | CEMS | ||
| 082 | 0 | 4 | |a A868.4 |
| 100 | 1 | |a Peyrou, Manuel | |
| 245 | 1 | 0 | |a La noche repetida : |b cuentos / |c Manuel Peyrou |
| 260 | |a Buenos Aires : |b Emecé, |c 1953 | ||
| 300 | |a 169 p. | ||
| 505 | 0 | |a El señor Alcides -- Muerte en el Riachuelo -- El collar -- Julieta y el mago -- El sueño de Alejo Blochman -- El busto -- La desconocida -- El juez -- El jardín borrado -- La noche repetida | |
| 653 | |a Literatura | ||
| 653 | |a Literatura argentina-siglo 20 | ||
| 653 | |a Cuentos | ||
| 653 | |a Cuento argentino | ||
| 859 | |a CEMS |b BIB. CEMS - 11 de abril |h A868.4 |i P467 |p 10760.81 |t Ej.1 | ||
